000
00317nam a22001337a 4500
008
190227b xxu||||| |||| 00| 0 eng d
020
_a
9780534621674
041
_a
eng
080
_a
371
100
_a
25
101
_a
EDU
245
_a
Foundations. A Reader for new College Students
_c
Gordon, V.N
942
_2
udc
_c
BK
999
_c
54370
_d
54370